000 00267nam a22000977a 4500
008 170118b xxu||||| |||| 00| 0 eng d
041 _aeng
080 _a618.2
245 _aLUPUS: A PATIENT CARE GUIDE FOR NURSES AND OTHER HEALTH PROFESSIONALS
_cNASS, T
942 _2udc
_cBK
999 _c3038
_d3038